| 000 -LEADER |
| fixed length control field |
00335nam a2200133Ia 4500 |
| 008 - FIXED-LENGTH DATA ELEMENTS--GENERAL INFORMATION |
| fixed length control field |
230413s9999||||xx |||||||||||||| ||und|| |
| 020 ## - INTERNATIONAL STANDARD BOOK NUMBER |
| International Standard Book Number |
9781404112650 |
| 082 ## - DEWEY DECIMAL CLASSIFICATION NUMBER |
| Classification number |
658.4063 |
| Item number |
W3651 |
| 100 ## - MAIN ENTRY--PERSONAL NAME |
| Personal name |
Webb, Nicholas J |
| 245 #4 - TITLE STATEMENT |
| Title |
The innovation mandate |
| 260 ## - PUBLICATION, DISTRIBUTION, ETC. (IMPRINT) |
| Name of publisher, distributor, etc |
HarperCollins Leadership |
| Date of publication, distribution, etc |
2019 |
| 300 ## - PHYSICAL DESCRIPTION |
| Extent |
xv, 207p. |
| 942 ## - ADDED ENTRY ELEMENTS (KOHA) |
| Item type |
Books |